00588nam a2200181 i 4500001000300000100001600003245011600019260005000135300003300185650003000218650004100248655002600289020001500315040000800330041000700338080002000345008004100365bg1 aLANE, Linda10aFocus on pronunciation :bprinciples and practice for effective communication : teacher's manual /cLinda Lane. aReading [etc.] :bAddison-Wesley,ccop. 1993. aVIII, 83 s. :bil. ;c28 cm. 9aJęzyk angielskixwymowa 9aJęzyk angielskixwymowaxnauczanie aĆwiczenia i zadania a0201592851 cBPK0 aen a811.111'355(07) s pl f |000 0 pol